NCAA Basketball Players from Turkey - Statistics

General Stats
  • This quiz has been taken 4 times
    3 since last reset
  • The average score is 23 of 67
Answer Stats
Position Player School(s) NCAA Career % Correct
C Ömer Yurtseven NC State / Georgetown 2016-2020
100%
PF Kerem Kanter Green Bay / Xavier 2014-2018
67%
C Adem Bona UCLA 2022-2024
33%
PF Alihan Demir Drexel / Minnesota 2017-2020
33%
PF Alperen Kurnaz Denver / Lynn 2018-2022
33%
F Andreas Themistocleous Old Dominion 2001-2003
33%
G Arda Duraklar Jacksonville State 2022-2023
33%
C Arda Ozdogan Seton Hall 2023-2024
33%
SG Ata Atsuren Drexel / Salem 2021-2023
33%
GF Atakan Shinkaya Troy / Lewis 2017-2023
33%
F Atakan Yurttas McNeese State 2009-2010
33%
F Ata Turgut Maine / Saint Rose 2019-2024
33%
G Berk Can Akin UC Irvine 2024-Present
33%
G Berke Arslan George Mason 2023-2024
33%
F Berke Buyuktuncel UCLA / Nebraska 2023-Present
33%
SG Burak Eslik SIU Edwardsville 2015-2017
33%
G Canberk Kus Arkansas State 2018-2020
33%
G Can Civi Davidson 2005-2009
33%
PF Cem Kirciman Green Bay / Lewis 2020-Present
33%
GF David Mutaf Minnesota 2020-2021
33%
PF Deniz Celen Fairfield / St. Francis (NY) 2016-2020
33%
PF Deniz Kılıçlı West Virginia 2009-2013
33%
G Derin Saran UC Irvine / Stanford 2023-Present
33%
G Dogukan Kuzucan UCF / Augsburg 2009-2015
33%
G Doğuş Balbay Texas 2007-2011
33%
G Efe Gucoglu Campbell 2023-2024
33%
F Efe Tahmaz La Salle 2023-2024
33%
F Efkan Eren Lindenwood 2010-2013
33%
G Ege Havsa Fordham / Utah Valley / Rice 2016-2021
33%
F Ege Mala UC Irvine / Whitman 2012-2015
33%
PG Ege Peksari Northern Iowa / St. Martin's 2022-Present
33%
GF Emir Buyukhanli Yale 2020-Present
33%
C Emir Turam Evansville 1980-1983
33%
G Emre Atsür Western Carolina 2001-2004
33%
G Engin Atsür NC State 2003-2007
33%
PG Erkam Kiris UT Arlington / Davis & Elkins 2016-2020
33%
G Erkan Oguz McNeese State 2003-2004
33%
SG Erten Gazi DePaul / Fordham 2015-2020
33%
C Gökbörü Aygar Northeastern 1999-2001
33%
F Gökhan Şirin Charlotte 2009-2011
33%
SF Gorkem Sonmez Radford 2009-2011
33%
SF Ilker Er Maine 2016-2018
33%
F Iyen Enaruna Evansville / Fort Hays State 2020-2023
33%
F Kani Topuz Albany 2024-Present
33%
G Kemal Dinçer TCU / Carnegie Mellon 2012-2016
33%
PG Kevin Kaspar Western Kentucky 2011-2015
33%
G Mehmet Bener Campbell 2023-2024
33%
F Mehmet Mumcuğlu Brown 1992-1993
33%
FC Mehmet Sahan Sacred Heart 2007-2011
33%
C Melih Yavşaner Texas State 2000-2002
33%
G Necdet Gurkan Saint Leo / Le Moyne 2013-2019
33%
G Onuralp Demirer UT Rio Grande Valley 2016-2017
33%
G Ozcan Korkut Cal State Northridge 1993-1995
33%
C Samet Yigitoglu SMU 2024-Present
33%
PF Sarp Gobeloglu Montana State 2015-2017
33%
C Sedat Necipoglo UT Rio Grande Valley 1994-1996
33%
SG Sinan Saglam Fordham 2016-2017
33%
C Stanley Borden Duke 2021-Present
33%
G Tan Yildizoglu Pacific / VMI 2023-Present
33%
C Tibet Gorener Arizona / San Jose State / SMU 2020-Present
33%
F Tolga Cerrah Radford 2009-2012
33%
G Tugsan Turhanoglu Southeast Missouri State 1992-1993
33%
C Umur Peten Binghamton 2009-2010
33%
F Yagizhan Selcuk Towson / Montana / Missouri Southern 2018-2021
33%
F Yalim Olcay Western Carolina / Minnesota Duluth 2016-2020
33%
SF Yavuz Gultekin Texas A&M / San Diego 2019-2023
33%
PG Zek Tekin Siena / Le Moyne 2022-Present
33%
No matching quizzes found
Score Distribution
Percent of People with Each Score
Percentile by Number Answered
Your Score History
You have not taken this quiz since the last reset